| 000 | 00863nam a2200277Ia 4500 | ||
|---|---|---|---|
| 008 | 170203s9999 xx 000 0 und d | ||
| 020 | _a0-395978351 | ||
| 050 | _aFic | ||
| 050 | _bR456c | ||
| 100 | _aRey, Margaret. | ||
| 245 | _aCurious George goes camping / | ||
| 245 | _cillustrated in the style of H.A. Rey by Vipah Interactive. | ||
| 260 | _aBoston, Mass. : | ||
| 260 | _bHoughton Mifflin, | ||
| 260 | _c1999 | ||
| 300 | _a24 pages : | ||
| 300 | _bcolor illustrations ; | ||
| 300 | _c21 cm | ||
| 500 | _a"Based on the character of Curious GeorgeĀ®, created by Margret & H.A. Rey."--Title page verso. | ||
| 650 | _aCamping -- | ||
| 650 | _aCurious George (Fictitious character) | ||
| 650 | _aMonkeys -- | ||
| 650 | _xFiction. | ||
| 650 | _xFiction. | ||
| 700 | _aMargret and H.A. Rey's Curious George goes camping, other title. | ||
| 999 |
_c306595 _d306595 |
||